| 000 | 01071nam a2200265Ia 4500 | ||
|---|---|---|---|
| 005 | 20240530110952.0 | ||
| 008 | 140319s9999 ua ahf f b 000 0 ara d | ||
| 017 |
_a2022/2752 _bمصر. دار الكتب |
||
| 020 | _a9789776809789 | ||
| 040 |
_aGCL / _cGCL |
||
| 082 | 0 | 4 |
_221 _a913.031 _bق/ب م |
| 100 | 0 | _aباسم سمير الشرقاوى | |
| 245 | 1 | 0 |
_aمنطقة ميت رهينة الاثرية ومتحفها / _cباسم سمير الشرقاوى |
| 250 | _aط.1 | ||
| 260 |
_aالقاهرة : _bالمؤسسة الدولية للكناب، _c2022. |
||
| 300 |
_a2 مج : _bايض ؛ _c30 سم. |
||
| 500 | _aالمجلد الاول، اللغة العربية | ||
| 504 | _aيشتمل على ارجاعات ببليوجرافية | ||
| 650 | 0 | 7 |
_2qrmak _aالاثار الفرعونية |
| 651 | 0 | 7 |
_2qrmak _aمصر _xالاثار الفرعونية |
| 651 | 0 | 7 |
_2qrmak _aمصر القديمة _xتاريخ |
| 651 | 0 | 7 |
_2qrmak _aميت رهينة _xالاثار الفرعونية |
| 942 |
_2ddc _cBK |
||
| 999 |
_c67022 _d67022 |
||